The geochemistry of natural waters : surface and groundwater environments

Main Author: Drever, James I. (Author)
Published: Upper Saddle River, N.J.: Prentice Hall, 1997
Edition:Third Edition
Subjects:
LEADER 00986cam a2200277 7i4500
001 0000009554
005 20231128090000.0
008 231128t19971997njua ### #00001eng##
020 # # |a 0132727900  
040 # # |a UMT   |b eng   |c UMT   |e rda 
090 0 0 |a GB 855   |b .D775 1997 
100 1 # |a Drever, James I.   |e author  
245 1 4 |a The geochemistry of natural waters :   |b surface and groundwater environments   |c James I. Drever. 
250 # # |a Third Edition 
264 # 1 |a Upper Saddle River, N.J.:   |b Prentice Hall,   |c 1997 
264 # 4 |c ♭1997 
300 # # |a xii, 436 pages:   |b illustrations.;   |c 24 cm. 
336 # # |a text --   |2 rdacontent 
337 # # |a unmediated --   |2 rdamedia 
338 # # |a volume --   |2 rdacarrier 
504 # # |a Includes bibliographical references and index 
590 # # |a Pusat Pengajian Kejuruteraan Kelautan 
650 0 0 |a Hydrogeology  
650 0 0 |a Water chemistry  
999 |a 1000384299  |b Book  |c Open Shelf  |e KOLEKSI TERBUKA 
999 |a 1000398412  |b Book  |c Open Shelf  |e KOLEKSI TERBUKA